000 00582nam a2200169 i 4500
001 93187
003 ES-MaACL
005 20230906181137.0
007 t|
008 050408s1927 sp ||||1| spa d
100 1 _aLombardo-Radice, Giuseppe.
_973194
245 1 3 _aLa reforma escolar italiana /
_cpor Giuseppe Lombardo Radice; traducción y prólogo por María Victoria Jiménez.
260 _aMadrid :
_b[s. n.],
_c1927 (
_fTip. de la revista de archivos)
300 _aXII, 281 p. ;
_c19 cm.
700 1 _aJiménez, María Victoria.
_966428
852 _aES-MaACL
_jA-4877
_bR.16749
999 _c93187
_d93187